000 01689nam a2200421 i 4500
001 ELB86254
003 FlNmELB
006 m o d |
007 cr cnu||||||||
008 140901s2003 cl ob 001 0 spa d
035 _a(MiAaPQ)EBC3219878
035 _a(Au-PeEL)EBL3219878
035 _a(CaPaEBR)ebr10862287
035 _a(OCoLC)991958918
040 _aFINmELB
_bspa
_erda
_cFINmELB
050 4 _aQA152
_bR457 2003
080 _a512
082 0 _a512.5
_223
100 1 _aReyes Reyes, Cristián Giovanni.
245 1 0 _aTrain Algebras :
_brepresentaciones e identidades /
_cCristián Giovanni Reyes Reyes ; directora Alicia Labra Jeldres.
264 1 _aSantiago :
_bUniversidad de Chile,
_c2003.
300 _a1 recurso en línea (54 páginas)
336 _atexto
_btxt
_2rdacontent/spa
337 _acomputadora
_bc
_2rdamedia/spa
338 _arecurso en línea
_bcr
_2rdacarrier/spa
500 _aContiene índice.
502 _aTesis (doctorado)--Universidad de Chile, Santiago, 2010.
504 _aContiene bibliografía.
520 _aTrata de álgebras ponderadas no necesariamente ponderativas, esto es, train algebras.
588 _aDescripción basada en recurso en línea; Título de la página del título en PDF (e-libro, visto August 1, 2014).
590 _aRecurso electrónico. Santa Fe, Arg.: e-libro, 2015. Disponible vía World Wide Web. El acceso puede estar limitado para las bibliotecas afiliadas a e-libro.
650 0 _aAlgebra.
650 4 _aAlgebra.
655 4 _aLibros electrónicos.
700 1 _aLabra Jeldres, Alicia,
_edirectora.
797 2 _ae-libro, Corp.
856 4 0 _uhttps://elibro.net/ereader/usam/86254
999 _c153997
_d153997